000 00259 a2200097 4500
001 18989
100 _aAmerica Society of Mech. Engineers
245 _aInterments and Apparatus: Pressure Measurement PT-II
260 _a
_bA S M E
_c1964
090 _c14073
_d14073
942 _aNUST-CAE
_cM
_c4529
999 _c254062
_d254062